| 000 | 00784nam a2200265 a 4500 | ||
|---|---|---|---|
| 001 | 33584 | ||
| 003 | AR-BaAGN | ||
| 005 | 20251204161516.0 | ||
| 007 | ta | ||
| 008 | 220625s2009 xx |||||r|||| ||||||spa d | ||
| 020 | _a978-956-7382-26-2 | ||
| 040 |
_dAR-BaAGN _aAR-BaAGN _bspa _eaacr |
||
| 100 | 1 | _aOrtega Martinez, Luis | |
| 245 | 1 | 0 |
_aSociedad y minería en el Norte Chico : _b1840-1930 |
| 260 |
_a[Lugar de publicación no identificado] : _bUniversidad de Santiago de Chile : _bUniversidad Academia de Humanidades Cristiano, _c2009. |
||
| 300 | _a337 páginas | ||
| 336 |
_2rdacontent _btxt |
||
| 337 |
_2rdamedia _bn |
||
| 338 |
_2rdacarrier _bnc |
||
| 650 | 4 |
_aSOCIEDAD _91291 |
|
| 651 | 4 |
_aChile _93632 |
|
| 942 | _cLIBRO | ||
| 999 |
_c33584 _d33584 |
||